000 00470nam a22001937a 4500
003 MPLRDC
005 20220104142450.0
008 210129b ||||| |||| 00| 0 eng d
020 _a978-986-219-303-7
082 _a494.35 QT v.1
100 _a青桐
245 _a毕业出狼窝 (上)
_c
250 _a初版
260 _a台湾
_b普天出版社
_c2010
300 _b349
490 _a云端之路: 1
650 _a职场成功法
942 _cBK
_o494.35 QT v.1
999 _c31124
_d31114